[Event "Donau Open 98"]
[Site "Wien"]
[Date "1998.05.16"]
[Round "1"]
[White "Wais, M"]
[Black "Stanec, N"]
[Result "0-1"]
[WhiteElo "2095"]
[BlackElo "2485"]
[PlyCount "46"]

1. f4 d5 2. b3 Nf6 3. Nf3 g6 4. Bb2 Bg7 5. e3 O-O 6. c4 Nc6 7. cxd5 Nxd5 8.
Bxg7 Kxg7 9. Nc3 Bf5 10. Nb5 Ndb4 11. Nbd4 Nxd4 12. Nxd4 Nd3+ 13. Bxd3 Bxd3 14.
Qc1 Kg8 15. h4 Qd5 16. Nf3 c5 17. h5 f6 18. Qc3 b5 19. Nd4 Qe4 20. Nc6 {}
20... c4 21. bxc4 Bxc4 22. Nd4 Rac8 23. Kf2 Bd5 0-1

[Event "Donau Open 98"]
[Site "Wien"]
[Date "1998.05.16"]
[Round "1"]
[White "Balinov, I"]
[Black "Somasundram, J"]
[Result "1-0"]
[WhiteElo "2485"]
[BlackElo "2090"]
[PlyCount "69"]

1. e4 c5 2. Nf3 Nc6 3. d4 cxd4 4. Nxd4 Nf6 5. Nc3 e5 6. Ndb5 d6 7. Bg5 a6 8.
Na3 b5 9. Bxf6 gxf6 10. Nd5 Bg7 11. c4 Be6 12. cxb5 Qa5+ 13. Qd2 Qxd2+ 14. Kxd2
Bxd5 15. exd5 Nb4 16. Bc4 O-O 17. bxa6 Rfc8 18. Rhd1 e4 19. Rab1 f5 20. Ke2
Nxa6 21. Bb5 Rc5 22. Bxa6 Rxa6 23. b4 Rc3 24. Nb5 Rxa2+ 25. Rd2 Rcc2 26. Rxc2
Rxc2+ 27. Ke3 Bh6+ 28. f4 Bf8 29. Nd4 Rc3+ 30. Ke2 Rd3 31. b5 Bg7 32. Nxf5 Bc3
33. b6 Rd2+ 34. Ke3 Rxd5 35. Ne7+ 1-0

[Event "Donau Open 98"]
[Site "Wien"]
[Date "1998.05.16"]
[Round "1"]
[White "Schroll, G"]
[Black "Hirsch,, A"]
[Result "1-0"]
[WhiteElo "2395"]
[BlackElo "2065"]
[PlyCount "79"]

1. d4 Nf6 2. c4 g6 3. Nc3 d5 4. Nf3 Bg7 5. e3 c5 6. cxd5 Nxd5 7. Qb3 Nxc3 8.
bxc3 O-O 9. Be2 Qc7 10. O-O Nd7 11. Bb2 b6 12. d5 Nf6 13. c4 Ne4 14. Bxg7 Kxg7
15. Bd3 Nd6 16. e4 16... f6 {} 17. e5 fxe5 18. Nxe5 Nf5 19. Bxf5 Qxe5 20. Bxc8
Raxc8 21. Rae1 Qf6 22. Re6 Qd4 23. Rxe7+ Rf7 24. Rxf7+ Kxf7 25. Qh3 Re8 26.
Qxh7+ Kf6 27. Qxa7 Re2 28. Qxb6+ Kg5 29. Qb3 Rb2 30. Qg3+ Kf6 31. Qf3+ Kg7 32.
Re1 Rb7 33. Qe2 Rb2 34. Qe7+ Kh6 35. Qf8+ Kh5 36. h3 Rxa2 37. Qf3+ Kh6 38. Re4
Qa1+ 39. Kh2 Qf1 40. Qf4+ 1-0

[Event "Donau Open 98"]
[Site "Wien"]
[Date "1998.05.17"]
[Round "2"]
[White "Stanec, N"]
[Black "Mujovic, S"]
[Result "1/2-1/2"]
[WhiteElo "2485"]
[BlackElo "2235"]
[PlyCount "60"]

1. d4 Nf6 2. c4 g6 3. Nc3 d5 4. Nf3 Bg7 5. cxd5 Nxd5 6. e3 O-O 7. Bc4 Nb6 8.
Bb3 Na6 9. O-O c5 10. h3 Bf5 11. a3 Rc8 12. Ba2 cxd4 13. exd4 Nc7 14. d5 Bxc3
15. bxc3 Ncxd5 16. Qd2 Nxc3 17. Qh6 g5 18. Bxg5 Nxa2 19. Rxa2 f6 20. Be3 Rc4
21. Rd2 Qc8 22. Nh4 Be6 23. Rfd1 Rc1 24. Rxc1 Qxc1+ 25. Kh2 Qc7+ 26. Bf4 Qc4
27. Ng6 hxg6 28. Qxg6+ Kh8 29. Qh5+ Kg8 30. Qg6+ Kh8 1/2-1/2

[Event "Donau Open 98"]
[Site "Wien"]
[Date "1998.05.17"]
[Round "2"]
[White "Certek, P"]
[Black "Balinov, I"]
[Result "1/2-1/2"]
[WhiteElo "2255"]
[BlackElo "2485"]
[PlyCount "138"]

1. d4 Nf6 2. c4 g6 3. g3 Bg7 4. Bg2 d5 5. cxd5 Nxd5 6. e4 Nb4 7. d5 c6 8. a3
Qa5 9. Nc3 cxd5 10. Bf4 N4c6 11. exd5 Nd4 12. Rc1 O-O 13. Nge2 Bg4 14. O-O
Nxe2+ 15. Nxe2 Bxb2 16. Rb1 Bf6 17. h3 Bc8 18. Nd4 Na6 19. a4 Nc5 20. Nb3 Nxb3
21. Qxb3 Bf5 22. Qb4 Qxb4 23. Rxb4 Bd3 24. Rd1 Be2 25. Rc1 Ba6 26. Be3 Be5 27.
a5 Bd6 28. Rb3 Rfc8 29. Rxc8+ Rxc8 30. Bxa7 Rc1+ 31. Kh2 f5 32. Be3 Ra1 33. Rc3
{} 33... f4 34. Bxf4 Bxf4 35. gxf4 Rxa5 36. Rc7 Kf8 37. f5 gxf5 38. d6 exd6
39. Bxb7 Bd3 40. Rxh7 d5 41. Rd7 Be4 42. Kg3 Ra7 43. Kf4 d4 44. Bc6 Rxd7 45.
Bxd7 Ke7 46. Bc8 Kf6 47. h4 Bb1 48. Ba6 Bc2 49. Bc8 Bd3 50. Bb7 Be2 51. Bc8 Bd3
52. Bb7 Bc2 53. Bc8 Be4 54. Ba6 Kg6 55. Be2 Bc2 56. Bf3 Kf6 57. Bb7 Bd3 58. Bc8
Be4 59. Ba6 Kg6 60. Be2 Bb1 61. Bd1 Kf6 62. Ba4 Bd3 63. Bc6 Bc2 64. Bb7 Bd3 65.
Bc8 Be4 66. Ba6 Kg6 67. Be2 Bb1 68. Bd1 Kf6 69. Ba4 Be4 1/2-1/2

[Event "Donau Open 98"]
[Site "Wien"]
[Date "1998.05.17"]
[Round "2"]
[White "Lau, R"]
[Black "Vrana, F"]
[Result "1-0"]
[WhiteElo "2475"]
[BlackElo "2215"]
[PlyCount "53"]

1. e4 e5 2. Nf3 Nc6 3. Bb5 Nd4 4. Nxd4 exd4 5. O-O Bc5 6. Bc4 Bb6 7. d3 c6 8.
Qh5 Qe7 9. e5 g6 10. Qf3 f5 11. Bf4 h6 12. Na3 Qh7 13. Bb3 g5 14. Bd2 Ne7 15.
Nc4 Rf8 16. Rfe1 Kd8 17. Bb4 g4 18. Qg3 f4 19. Qh4 c5 20. Bd2 h5 21. a4 Bc7 22.
Re4 b5 23. axb5 Bb7 24. Rxf4 Rxf4 25. Bxf4 Kc8 26. Qf6 Ng6 27. Bg5 1-0

[Event "Donau Open 98"]
[Site "Wien"]
[Date "1998.05.17"]
[Round "2"]
[White "Rittler, R"]
[Black "Tibensky, R"]
[Result "0-1"]
[WhiteElo "2435"]
[BlackElo "2235"]
[PlyCount "60"]

1. d4 Nf6 2. c4 c5 3. d5 b5 4. cxb5 a6 5. b6 e6 6. Nc3 Qxb6 7. e4 Bb7 8. Bc4 g6
9. Bg5 Bg7 10. Qf3 exd5 11. exd5 O-O 12. Nge2 h6 13. Bh4 Nh7 14. Be7 Ng5 15.
Qe3 Bd4 16. Qd3 Re8 17. d6 Kg7 18. f4 Ne6 19. f5 Nf4 20. Nxf4 Qxb2 21. f6+ Bxf6
22. O-O Bd4+ 23. Kh1 Qxc3 24. Qxc3 Bxc3 25. Rab1 Be4 26. Rb3 {} 26... Bd4 27.
Ne2 f5 28. Ng3 Bc2 29. Rb7 Nc6 30. Re1 Na5 0-1

[Event "Donau Open 98"]
[Site "Wien"]
[Date "1998.05.17"]
[Round "2"]
[White "Alvir, A"]
[Black "Steinert, M"]
[Result "1-0"]
[WhiteElo "2400"]
[BlackElo "2170"]
[PlyCount "57"]

1. e4 c5 2. Nf3 d6 3. d4 cxd4 4. Nxd4 Nf6 5. Nc3 a6 6. Bg5 b5 7. Bxf6 gxf6 8.
Qh5 e6 9. Bd3 Qb6 10. Nb3 Nd7 11. a4 b4 12. a5 Qc7 13. Na4 Bb7 14. O-O d5 15.
exd5 Bxd5 16. Rfe1 Be7 17. Nd4 Qd6 18. Rad1 Rg8 19. Bf1 O-O-O 20. g3 Ne5 21.
Nb6+ Kb8 22. Nxd5 Qxd5 23. Bg2 Qc5 24. c3 bxc3 25. bxc3 Kc7 26. Qxh7 f5 27.
Rxe5 Qxe5 28. Qxf7 Rg7 29. Qxg7 1-0

[Event "Donau Open 98"]
[Site "Wien"]
[Date "1998.05.17"]
[Round "2"]
[White "Lenz, A"]
[Black "Schroll, G"]
[Result "1/2-1/2"]
[WhiteElo "2220"]
[BlackElo "2395"]
[PlyCount "112"]

1. c4 c5 2. Nc3 Nf6 3. g3 g6 4. Bg2 Bg7 5. Nf3 Nc6 6. O-O d5 7. cxd5 Nxd5 8.
Ng5 e6 9. d3 O-O 10. Bd2 b6 11. Rb1 Bb7 12. Nxd5 exd5 13. a3 Qd7 14. Nh3 Rfe8
15. Nf4 Nd4 16. h4 Ne6 17. Re1 Nxf4 18. Bxf4 d4 19. Bxb7 Qxb7 20. b4 Rac8 21.
bxc5 Rxc5 22. Rc1 Rxc1 23. Qxc1 h5 24. Qb2 Rc8 25. Rc1 Rc6 26. Qb5 Rxc1+ 27.
Bxc1 Qe7 28. Kf1 Qe6 29. Qc4 Qh3+ 30. Kg1 Qd7 31. a4 Qb7 32. e3 dxe3 33. Bxe3
a6 34. Kf1 b5 35. axb5 Qxb5 36. Qxb5 axb5 37. Ke2 Kf8 38. Kd2 Ke7 39. Kc2 Kd6
40. Kb3 Bf8 41. Kb4 Kc6+ 42. Kb3 Kd5 43. Kc3 Bd6 44. Bc1 f5 45. Bg5 Be5+ 46.
Kb4 Kc6 47. Bh6 Bd6+ 48. Kc3 Kd5 49. Bg5 f4 50. gxf4 Bc5 51. f3 Bf8 52. Bf6 Bd6
53. Bg5 b4+ 54. Kc2 Bf8 55. Bf6 Ke6 56. Bg5 Kd5 1/2-1/2

[Event "Donau Open 98"]
[Site "Wien"]
[Date "1998.05.17"]
[Round "2"]
[White "Vavrak, P"]
[Black "Szalanczi, E"]
[Result "0-1"]
[WhiteElo "2210"]
[BlackElo "2380"]
[PlyCount "100"]

1. d4 c5 2. d5 e6 3. Nc3 a6 4. a4 d6 5. e4 Ne7 6. Bc4 e5 7. f4 exf4 8. Nf3 Ng6
9. O-O Nd7 10. Ne2 Nde5 11. Bb3 Be7 12. Nxf4 O-O 13. Nxg6 Nxg6 14. c3 Bg4 15.
Qe1 Bxf3 16. gxf3 Bh4 17. Qe2 Qb6 18. Bc2 Rae8 19. Qg2 c4+ 20. Kh1 Ne5 21. f4
Nd3 22. Bxd3 cxd3 23. Qh3 d2 24. Bxd2 Qxb2 25. Qd3 Qb6 26. Be3 Qd8 27. Bd4 Bf6
28. Rae1 Bxd4 29. Qxd4 f6 30. Rf2 Rf7 31. Rfe2 Ref8 32. Rg1 Qc7 33. Re3 b5 34.
axb5 axb5 35. Ra1 Re8 36. Ra6 Rfe7 37. Rc6 Qd7 38. Re1 Qg4 39. Rxd6 Qxf4 40.
Re6 Qf3+ 41. Kg1 Qg4+ 42. Kh1 Rxe6 43. dxe6 Qxe6 44. Qc5 Qe5 45. Qxe5 Rxe5 46.
Kg2 Kf7 47. Kf3 Rh5 48. Kg3 Re5 49. Re3 Ke6 50. Rd3 Ke7 0-1

[Event "Donau Open 98"]
[Site "Wien"]
[Date "1998.05.17"]
[Round "2"]
[White "Kummer, H"]
[Black "Stanka, W"]
[Result "1-0"]
[WhiteElo "2370"]
[BlackElo "2140"]
[PlyCount "101"]

1. d4 d5 2. c4 e5 3. dxe5 d4 4. Nf3 Nc6 5. g3 Be6 6. Nbd2 Qd7 7. Bg2 f6 8. exf6
Nxf6 9. O-O Bh3 10. Nb3 Bxg2 11. Kxg2 O-O-O 12. Bg5 Be7 13. Qd3 h6 14. Bxf6
Bxf6 15. Rad1 Rhe8 16. Nc5 Qe7 17. Qf5+ Kb8 18. Nxb7 Kxb7 19. Qb5+ Kc8 20. Qxc6
Rd6 21. Qa8+ Kd7 22. Qxa7 Qe4 23. Qa4+ Ke7 24. c5 Rd5 25. Qc6 g5 26. Kg1 g4 27.
Nd2 Qf5 28. e4 dxe3 29. fxe3 Rxc5 30. Qe4+ Qxe4 31. Nxe4 Rc6 32. Rxf6 Rxf6 33.
Rd7+ Ke6 34. Nxf6 Kxf6 35. Rxc7 Rxe3 36. Kf2 Re6 37. b4 Ke5 38. b5 Kd4 39. Rc6
Re5 40. a4 Kd3 41. Rd6+ Ke4 42. Rxh6 Rc5 43. Rc6 Rf5+ 44. Kg2 Rd5 45. Rc4+ Kf5
46. Rf4+ Kg5 47. h4+ Kh5 48. b6 Rd2+ 49. Rf2 Rd4 50. Rb2 Rd2+ 51. Rxd2 1-0

[Event "Donau Open 98"]
[Site "Wien"]
[Date "1998.05.17"]
[Round "2"]
[White "Havlicek, J"]
[Black "Dueckstein, A"]
[Result "0-1"]
[WhiteElo "2160"]
[BlackElo "2360"]
[PlyCount "118"]

1. e4 e5 2. Nf3 Nc6 3. Bb5 Bc5 4. c3 Nf6 5. O-O O-O 6. d4 Bb6 7. Bg5 h6 8. Bxf6
Qxf6 9. Bxc6 Qxc6 10. Nxe5 Qxe4 11. Nd2 Qf5 12. Ndc4 d6 13. Ne3 Qe6 14. N5c4 d5
15. Nxb6 axb6 16. Qb3 Rd8 17. Rfe1 Qd6 18. c4 dxc4 19. Nxc4 Qd5 20. Qc3 Be6 21.
Ne3 Qc6 22. Qd3 Qd6 23. d5 c6 24. a3 Bxd5 25. Rad1 Qf6 26. Qc2 Be6 27. h3 g6
28. Rd2 Rxd2 29. Qxd2 Rd8 30. Qb4 b5 31. Rd1 Rxd1+ 32. Nxd1 Qe5 33. Ne3 Kg7 34.
Kf1 b6 35. Ke2 Bc4+ 36. Kd1 Qd4+ 37. Qd2 Qxd2+ 38. Kxd2 Be6 39. h4 g5 40. hxg5
hxg5 41. Kd3 f5 42. g3 g4 43. Kd4 Kf6 44. b4 Bb3 45. Ng2 Ke6 46. Ne3 Bd5 47.
Nf1 Kd6 48. Nd2 c5+ 49. Ke3 Ke5 50. Nb1 Bc4 51. Nc3 Bf1 52. Nb1 Kd5 53. Nd2 Bg2
54. Kd3 Be4+ 55. Ke3 Bg2 56. Kd3 Ke5 57. Ke3 Be4 58. Nb3 Kd5 59. Nd2 Bc2 0-1

[Event "Donau Open 98"]
[Site "Wien"]
[Date "1998.05.17"]
[Round "2"]
[White "Petran, P"]
[Black "Bermadinger, H"]
[Result "1-0"]
[WhiteElo "2335"]
[BlackElo "2105"]
[PlyCount "112"]

1. g3 d5 2. Bg2 Nf6 3. d3 e6 4. Nd2 Be7 5. e4 dxe4 6. dxe4 O-O 7. Ngf3 Nc6 8.
O-O e5 9. h3 Nd7 10. Nc4 Kh8 11. Re1 Bf6 12. Be3 Nb6 13. Ncd2 Be6 14. c3 Nc4
15. Nxc4 Bxc4 16. Nd2 Be6 17. b4 a6 18. a4 b6 19. Bf1 Bg5 20. Nc4 Qxd1 21.
Raxd1 Be7 22. b5 axb5 23. axb5 Bxc4 24. Bxc4 Na5 25. Bd5 Rab8 26. Ra1 Bd6 27.
Red1 f6 28. Kg2 h6 29. f4 g5 30. Kf3 Kg7 31. h4 h5 32. hxg5 fxg5 33. f5 g4+ 34.
Ke2 Kf6 35. Ra2 Rfd8 36. Rb1 Nb7 37. Bxb7 Rxb7 38. Rh1 Rh8 39. Kd3 Bc5 40. Bxc5
bxc5 41. Kc4 Kg5 42. Ra6 42... Rb6 {} 43. Kxc5 h4 44. gxh4+ Rxh4 45. Rxh4 Kxh4
46. Ra7 g3 47. Rxc7 Rg6 48. Rh7+ Kg4 49. Rh1 Rg8 50. b6 Kf4 51. Re1 g2 52. b7
Rh8 53. Rg1 Kxe4 54. Rxg2 Kxf5 55. Kd6 Rh6+ 56. Kc7 Rh7+ 1-0

[Event "Donau Open 98"]
[Site "Wien"]
[Date "1998.05.17"]
[Round "2"]
[White "Angerer, M"]
[Black "Posch, W"]
[Result "0-1"]
[WhiteElo "2145"]
[BlackElo "2270"]
[PlyCount "46"]

1. d4 d5 2. c4 Bf5 3. Nc3 e6 4. cxd5 exd5 5. Qb3 Nc6 6. e4 dxe4 7. Qxb7 Nxd4 8.
Bb5+ Nxb5 9. Qxb5+ Qd7 10. Qb7 Rd8 11. Bg5 f6 12. Rd1 Bd6 13. Be3 Ne7 14. Nge2
O-O 15. Bxa7 Nc6 16. Nd4 Nxd4 17. Rxd4 Rfe8 18. Rd2 e3 19. Re2 exf2+ 20. Kxf2
Rxe2+ 21. Kxe2 Bg4+ 22. Kd2 Ba3+ 23. Ke3 Qd2+ 0-1

[Event "Donau Open 98"]
[Site "Wien"]
[Date "1998.05.18"]
[Round "3"]
[White "Dueckstein, A"]
[Black "Lau, R"]
[Result "1/2-1/2"]
[WhiteElo "2360"]
[BlackElo "2475"]
[PlyCount "62"]
[EventDate "1998.05.18"]

1. e4 d5 2. exd5 Qxd5 3. Nc3 Qa5 4. d4 Nf6 5. Nf3 c6 6. Bc4 Bf5 7. O-O e6 8.
Bf4 Nbd7 9. Qe2 Be7 10. h3 b5 11. Bd3 b4 12. Ne4 Bxe4 13. Bxe4 Nxe4 14. Qxe4
Rc8 15. Ne5 Nf6 16. Qd3 O-O 17. Nc4 Qb5 18. Qb3 Rfd8 19. Rfd1 Nd5 20. Bg3 a6
21. Ne3 Rd7 22. Rd3 a5 23. a4 bxa3 24. bxa3 a4 25. Qa2 Rb7 26. c4 Qa6 27. Qc2
Nf6 28. c5 Rd8 29. Nc4 Rb3 30. Rad1 Nd5 31. Bd6 Rxd3 1/2-1/2

[Event "Donau Open 98"]
[Site "Wien"]
[Date "1998.05.18"]
[Round "3"]
[White "Posch, W"]
[Black "Alvir, A"]
[Result "0-1"]
[WhiteElo "2270"]
[BlackElo "2400"]
[PlyCount "128"]
[EventDate "1998.05.18"]

1. e4 d6 2. Nc3 Nf6 3. g3 g6 4. Bg2 Bg7 5. d3 c6 6. Nge2 Bd7 7. h3 Qc8 8. Be3
Na6 9. Qd2 h5 10. f4 Nc7 11. a4 b6 12. Nd4 d5 13. Nf3 c5 14. Bf2 Bc6 15. Ne5
Bb7 16. O-O O-O 17. Qe2 d4 18. Nb1 Nfe8 19. Nf3 Nd6 20. Nbd2 Re8 21. f5 e5 22.
g4 hxg4 23. hxg4 f6 24. Nh4 g5 25. Ng6 Qd7 26. Qf3 Bf8 27. Bg3 c4 28. Kf2 c3
29. bxc3 dxc3 30. Nb3 Na6 31. Rh1 Nf7 32. Rh5 Bh6 33. Rah1 Kg7 34. Bf1 Nc5 35.
Nxc5 bxc5 36. R1h2 Qxa4 37. Qh1 Rh8 38. Nxh8 Rxh8 39. Kg1 a5 40. Bf2 Qb4 41.
Be3 a4 42. Be2 a3 43. Kf2 a2 44. Qa1 Qb2 45. Rh1 Rc8 46. Rc1 Kg8 47. Kg3 Bf8
48. Bf3 Ra8 49. Rhh1 Bc6 50. Rh2 Ra5 51. Rhh1 Nd6 52. Rh2 Be8 53. Rhh1 Bf7 54.
Rh2 Qxa1 55. Rxa1 Be7 56. Rhh1 Nb5 57. Rhc1 Nd4 58. Kf2 Kf8 59. Be2 Bd6 60. Ke1
Ke7 61. Bf1 Ra8 62. Kf2 Rb8 63. Be2 Rb2 64. Bxd4 cxd4 0-1

[Event "Donau Open 98"]
[Site "Wien"]
[Date "1998.05.18"]
[Round "3"]
[White "Petran, P"]
[Black "Hangweyrer, M"]
[Result "1/2-1/2"]
[WhiteElo "2335"]
[BlackElo "2385"]
[PlyCount "88"]
[EventDate "1998.05.18"]

1. g3 g6 2. Bg2 Bg7 3. d4 d5 4. Nf3 Nf6 5. O-O O-O 6. Nbd2 c6 7. b3 a5 8. a4
Na6 9. Bb2 Bg4 10. h3 Bf5 11. Ne5 h5 12. e3 Nb4 13. Rc1 Qc8 14. c3 Nd3 15. Nxd3
Bxd3 16. Re1 Bf5 17. Kh2 Re8 18. f4 Qe6 19. c4 Ne4 20. Nxe4 Bxe4 21. Bxe4 Qxe4
22. Qc2 Qxc2+ 23. Rxc2 e6 24. g4 hxg4 25. hxg4 Reb8 26. Ba3 Rd8 27. Kg3 Rab8
28. cxd5 Rxd5 29. g5 f6 30. gxf6 Bxf6 31. Rh1 g5 32. Kf3 Kf7 33. Rh7+ Kg8 34.
Rh6 Kg7 35. fxg5 Rxg5 36. Rch2 b5 37. Rh7+ Kg8 38. Bd6 Re8 39. Bf4 Rg1 40. Rc7
e5 41. dxe5 Bxe5 42. Bxe5 Rxe5 43. Rxc6 Rf1+ 44. Ke2 Rb1 1/2-1/2

[Event "Donau Open 98"]
[Site "Wien"]
[Date "1998.05.18"]
[Round "3"]
[White "Szalanczi, E"]
[Black "Stoll, T"]
[Result "1-0"]
[WhiteElo "2380"]
[BlackElo "2280"]
[PlyCount "103"]
[EventDate "1998.05.18"]

1. e4 c5 2. Nf3 d6 3. d4 cxd4 4. Nxd4 Nf6 5. Nc3 g6 6. Be3 Bg7 7. f3 O-O 8. Qd2
Nc6 9. Bc4 Bd7 10. h4 Ne5 11. Bb3 Qa5 12. h5 Nxh5 13. O-O-O Rfc8 14. Nd5 Qxd2+
15. Rxd2 Kf8 16. g4 Nf6 17. Nxf6 Bxf6 18. Rxh7 Nc4 19. Bxc4 Rxc4 20. c3 Rac8
21. Nc2 a6 22. g5 Bg7 23. a3 Be6 24. Rdh2 Bd7 25. Kd2 Be5 26. R2h4 e6 27. Bb6
Bg3 28. Rg4 Be5 29. Rgh4 Bg3 30. R4h6 Bf4+ 31. Be3 Bxe3+ 32. Nxe3 R4c5 33. f4
a5 34. Ng4 Be8 35. Nf6 35... b5 {} 36. Kd3 Rd8 37. b4 axb4 38. axb4 Rc4 39. f5
Rdc8 40. Rh8+ Ke7 41. Rxe8+ Rxe8 42. Nxe8 Kxe8 43. fxg6 fxg6 44. Rxg6 Kf7 45.
Rf6+ Ke7 46. Rh6 Kf7 47. Rh7+ Kg6 48. Rb7 Rc6 49. Rxb5 e5 50. Rb8 Kxg5 51. b5
Rc5 52. b6 1-0

[Event "Donau Open 98"]
[Site "Wien"]
[Date "1998.05.18"]
[Round "3"]
[White "Stanec, N"]
[Black "Kreindl, H"]
[Result "1-0"]
[WhiteElo "2485"]
[BlackElo "2270"]
[PlyCount "81"]
[EventDate "1998.05.18"]

1. c4 e6 2. d4 d5 3. cxd5 exd5 4. Nc3 Nf6 5. Bg5 Be7 6. e3 c6 7. Bd3 Nbd7 8.
Nge2 Ne4 9. Bxe7 Qxe7 10. Bxe4 dxe4 11. Ng3 Nf6 12. Qc2 O-O 13. Ngxe4 Bf5 14.
Nxf6+ Qxf6 15. Qd2 Qg6 16. O-O Rfe8 17. f3 Qg5 18. Rfe1 Rad8 19. Rad1 Be6 20.
e4 Qa5 21. Qf2 h6 22. h3 b5 23. d5 cxd5 24. exd5 Bd7 25. Qc5 Rc8 26. Rxe8+ Rxe8
27. a3 a6 28. d6 Qd8 29. Qc7 Kf8 30. Ne4 Qxc7 31. dxc7 Ke7 32. Nd6 Rf8 33. b4
Bc8 34. Kf2 f5 35. Ke3 g6 36. h4 f4+ 37. Ke4 Ke6 38. Nxc8 Rxc8 39. Rc1 g5 40.
hxg5 hxg5 41. Rc5 1-0

[Event "Donau Open 98"]
[Site "Wien"]
[Date "1998.05.18"]
[Round "3"]
[White "Schroll, G"]
[Black "Certek, P"]
[Result "1/2-1/2"]
[WhiteElo "2395"]
[BlackElo "2255"]
[PlyCount "132"]
[EventDate "1998.05.18"]

1. d4 Nf6 2. c4 g6 3. Nc3 d5 4. Nf3 Bg7 5. e3 O-O 6. Qb3 e6 7. Be2 b6 8. O-O
Nc6 9. Qc2 Bb7 10. a3 Ne7 11. Rd1 c5 12. cxd5 exd5 13. Bd2 Rc8 14. Rac1 Qc7 15.
Qb1 Qb8 16. dxc5 bxc5 17. b4 d4 18. exd4 Bxf3 19. Bxf3 cxd4 20. Na4 Rxc1 21.
Rxc1 Rc8 22. Nc5 Nfd5 23. Re1 Nc3 24. Qd3 Ned5 25. g3 Re8 26. Rxe8+ Qxe8 27.
Kg2 h6 28. Qa6 Qe7 29. Qc8+ Kh7 30. Qc6 Nb1 31. Bc1 Ndc3 32. Nd3 Ne2 33. Bb2
Nd2 34. Qb7 Qxb7 35. Bxb7 Nc4 36. Bd5 Nxb2 37. Nxb2 f5 38. Nd3 Nc3 39. Bb3 Bf8
40. a4 Ne4 41. f3 Nd6 42. Kf2 Ne8 43. Ke2 Bd6 44. a5 h5 45. b5 Bc7 46. b6 axb6
47. a6 Bb8 48. Nb4 Nc7 49. Nc6 d3+ 50. Kd2 Nxa6 51. Bc4 Bxg3 52. hxg3 Nc5 53.
Ne5 Kh6 54. Bxd3 Nxd3 55. Nxd3 Kg5 56. Ke3 h4 57. f4+ Kg4 58. gxh4 Kxh4 59. Ne5
Kh5 60. Nf7 b5 61. Ng5 b4 62. Kd4 b3 63. Kc3 Kg4 64. Ne6 g5 65. fxg5 Kh5 66.
Kxb3 Kg6 1/2-1/2

[Event "Donau Open 98"]
[Site "Wien"]
[Date "1998.05.18"]
[Round "3"]
[White "Vrana, F"]
[Black "Lenz, A"]
[Result "1-0"]
[WhiteElo "2215"]
[BlackElo "2220"]
[PlyCount "61"]
[EventDate "1998.05.18"]

1. e4 e6 2. d3 d5 3. Nd2 Nf6 4. Ngf3 Nc6 5. c3 a5 6. Be2 e5 7. O-O g6 8. Qa4
Bd7 9. exd5 Nxd5 10. Nxe5 Nxe5 11. Qe4 Bd6 12. Qxd5 Bc6 13. Qd4 Qe7 14. Ne4
O-O-O 15. Bg5 Qe6 16. Bxd8 Bxe4 17. Qxe4 f5 18. Qe3 f4 19. Qxf4 Rxd8 20. d4 Nd7
21. Bg4 Qe7 22. Qe3 Qf6 23. Rae1 Kb8 24. Bxd7 Rxd7 25. Qh3 Rd8 26. Re6 Qf4 27.
Rfe1 Qd2 28. R6e2 Qf4 29. g3 Qf7 30. Qe6 Qf3 31. Re3 1-0

[Event "Donau Open 98"]
[Site "Wien"]
[Date "1998.05.19"]
[Round "4"]
[White "Alvir, A"]
[Black "Tibensky, R"]
[Result "1/2-1/2"]
[WhiteElo "2400"]
[BlackElo "2435"]
[PlyCount "40"]
[EventDate "1998.05.19"]

1. e4 e6 2. d4 d5 3. Nc3 Bb4 4. e5 c5 5. a3 Bxc3+ 6. bxc3 Ne7 7. h4 b6 8. Bb5+
Bd7 9. Bd3 Ba4 10. h5 h6 11. Nf3 Nbc6 12. O-O c4 13. Be2 Kd7 14. Re1 Qg8 15.
Bf1 Qh7 16. Ra2 Raf8 17. g3 Rhg8 18. Bg2 Kc7 19. Nh2 Nd8 20. Rb2 Ndc6 1/2-1/2

[Event "Donau Open 98"]
[Site "Wien"]
[Date "1998.05.19"]
[Round "4"]
[White "Balinov, I"]
[Black "Szalanczi, E"]
[Result "1/2-1/2"]
[WhiteElo "2485"]
[BlackElo "2380"]
[PlyCount "28"]
[EventDate "1998.05.19"]

1. Nf3 c5 2. c4 g6 3. e4 Bg7 4. d4 d6 5. Nc3 Nf6 6. Be2 O-O 7. O-O Nc6 8. d5
Na5 9. Bg5 Bg4 10. Nd2 Bxe2 11. Qxe2 Nd7 12. f4 a6 13. Nf3 Nb6 14. e5 f6
1/2-1/2

[Event "Donau Open 98"]
[Site "Wien"]
[Date "1998.05.19"]
[Round "4"]
[White "Havlicek, J"]
[Black "Mahdy, K"]
[Result "0-1"]
[WhiteElo "2160"]
[BlackElo "2405"]
[PlyCount "60"]
[EventDate "1998.05.19"]

1. e4 c6 2. d4 d6 3. f4 Nf6 4. Nc3 Qa5 5. Bd3 e5 6. Nf3 Bg4 7. dxe5 dxe5 8.
fxe5 Nfd7 9. Bf4 Nxe5 10. Bxe5 Bxf3 11. Qxf3 Qxe5 12. O-O Bc5+ 13. Kh1 O-O 14.
Bc4 Qe7 15. Rad1 Nd7 16. Bb3 Ne5 17. Qh3 Rad8 18. Qh5 g6 19. Qe2 Qg5 20. h3 Qg3
21. a3 h5 22. Qe1 Qg5 23. Ne2 {} 23... Rxd1 24. Qxd1 Qe3 25. Nf4 Qxe4 26. Nd3
Nxd3 27. cxd3 Qe5 28. Qc2 Bd6 29. g4 hxg4 30. d4 Qh5 0-1

[Event "Donau Open 98"]
[Site "Wien"]
[Date "1998.05.19"]
[Round "4"]
[White "Kummer, H"]
[Black "Vrana, F"]
[Result "1-0"]
[WhiteElo "2370"]
[BlackElo "2215"]
[PlyCount "179"]
[EventDate "1998.05.19"]

1. d4 f5 2. e4 fxe4 3. Nc3 Nf6 4. Bg5 Nc6 5. d5 Ne5 6. Qd4 Nf7 7. Bxf6 exf6 8.
Nxe4 Be7 9. Bc4 d6 10. Nf3 O-O 11. O-O-O f5 12. Ng3 Bf6 13. Qd2 g6 14. Kb1 Ne5
15. Nxe5 Bxe5 16. Rhe1 Qh4 17. Bb3 Bd7 18. Nf1 f4 19. f3 a5 20. a3 b5 21. Rxe5
dxe5 22. d6+ Kh8 23. dxc7 Bc6 24. Be6 Bb7 25. Bd5 Bxd5 26. Qxd5 Qe7 27. Qxb5
Qxc7 28. Rd7 Rfb8 29. Qd3 Qb6 30. b3 Rd8 31. Rd5 Qc7 32. Kc1 Rxd5 33. Qxd5 Rd8
34. Qe6 Rc8 35. c4 a4 36. Nd2 axb3 37. Kb2 Qc5 38. Nxb3 Qf2+ 39. Kc3 Qe1+ 40.
Kc2 Rf8 41. c5 Kg7 42. Qd7+ Rf7 43. Qd2 Qf1 44. Kb2 Qb5 45. Qb4 Qf1 46. Qd2 Kh6
47. a4 Qc4 48. a5 Qb5 49. Ka3 Rb7 50. Qc3 Qe2 51. c6 Rc7 52. Kb4 Qa6 53. Qxe5
Qxc6 54. Qxf4+ g5 55. Qf8+ Kh5 56. Nc5 Qg6 57. Ne4 Rb7+ 58. Kc3 Rb5 59. Nf6+
Kh4 60. Qd6 g4 61. Qg3+ Kg5 62. h4+ Kxf6 63. Qd6+ Kg7 64. Qd7+ Qf7 65. Qxb5
gxf3 66. Qg5+ Kf8 67. Qd8+ Kg7 68. Qd4+ Kf8 69. Qb4+ Kg8 70. Qg4+ Kh8 71. Qxf3
Qc7+ 72. Kd3 Qd6+ 73. Ke2 Qa6+ 74. Kf2 Qa7+ 75. Kg3 Kg7 76. Qg4+ Kf7 77. Qc4+
Kg7 78. Qb3 Kf8 79. Qb4+ Kg8 80. Qg4+ Kf7 81. Qf4+ Kg7 82. Qe5+ Kf7 83. Kh2 h6
84. h5 Qf2 85. a6 Qh4+ 86. Kg1 Qa4 87. Qf5+ Ke7 88. Qc5+ Kf6 89. a7 Qe4 90.
Qd6+ 1-0

[Event "Donau Open 98"]
[Site "Wien"]
[Date "1998.05.19"]
[Round "4"]
[White "Bermadinger, H"]
[Black "Wockenfuss, K"]
[Result "0-1"]
[WhiteElo "2105"]
[BlackElo "2320"]
[PlyCount "72"]
[EventDate "1998.05.19"]

1. e4 Nc6 2. d4 d5 3. e5 Bf5 4. a3 e6 5. Nc3 f6 6. exf6 Nxf6 7. Bg5 Bd6 8. Nf3
h6 9. Bh4 Qd7 10. Bb5 O-O 11. Bg3 a6 12. Bd3 Ne4 13. Bxd6 Qxd6 14. O-O Nxc3 15.
bxc3 Bg4 16. Be2 Rf4 17. h3 Bh5 18. Nh2 Bg6 19. Ng4 e5 20. dxe5 Nxe5 21. Ne3 c6
22. Qb1 b5 23. Qc1 Qc5 24. Qd2 Ra4 25. Kh1 Rxa3 26. Rxa3 Qxa3 27. Qd4 Nd7 28.
Bd3 Bxd3 29. cxd3 Qc5 30. Qxc5 Nxc5 31. c4 dxc4 32. dxc4 b4 33. Nc2 a5 34. Nd4
a4 35. Nxc6 b3 36. Nb4 Rb8 0-1

[Event "Donau Open 98"]
[Site "Wien"]
[Date "1998.05.19"]
[Round "4"]
[White "Certek, P"]
[Black "Wais, M"]
[Result "1-0"]
[WhiteElo "2255"]
[BlackElo "2095"]
[PlyCount "29"]
[EventDate "1998.05.19"]

1. d4 c5 2. e3 cxd4 3. exd4 d6 4. Nf3 g6 5. Bd3 Bg7 6. O-O Bg4 7. c3 Nc6 8. h3
Bxf3 9. Qxf3 Nf6 10. Nd2 d5 11. Qe2 O-O 12. Nf3 Qd6 13. Ne5 Ne4 14. Bxe4 Bxe5
15. dxe5 1-0

[Event "Donau Open 98"]
[Site "Wien"]
[Date "1998.05.20"]
[Round "5"]
[White "Szalanczi, E"]
[Black "Lau, R"]
[Result "0-1"]
[WhiteElo "2380"]
[BlackElo "2475"]
[PlyCount "104"]
[EventDate "1998.05.20"]

1. e4 d5 2. exd5 Qxd5 3. Nc3 Qa5 4. d4 Nf6 5. Nf3 c6 6. Bc4 Bf5 7. Bd2 e6 8.
Qe2 Bb4 9. a3 Nbd7 10. O-O Bxc3 11. Bxc3 Qc7 12. Rad1 O-O 13. Bd3 Bxd3 14. Qxd3
a5 15. Rfe1 b5 16. Ng5 Rfd8 17. Qf3 Nb6 18. Rxe6 fxe6 19. Nxe6 Qd7 20. Nxd8
Nbd5 21. Nxc6 Qxc6 22. Rc1 Qc4 23. g3 Ra7 24. Qd3 Nxc3 25. bxc3 Nd5 26. a4 Nxc3
27. Qe3 Rf7 28. Re1 bxa4 29. d5 Nxd5 30. Qe8+ Rf8 31. Qe6+ Kh8 32. Qf7 Qc8 33.
Qxd5 Qxc2 34. Qf7 Qc8 35. Qa7 Qf5 36. Ra1 Qd5 37. Qe3 h6 38. h4 Kh7 39. Qe1 Qd4
40. Rd1 Qb4 41. Qe2 a3 42. h5 Kh8 43. Rd2 a4 44. Rc2 Rd8 45. Kh2 Qb1 46. Rc6
Qb2 47. Rc2 Rb8 48. Qe4 Qb5 49. g4 Rf8 50. Kg2 Qb3 51. Rc7 a2 52. Rxg7 Qf3+ 0-1